000 00280nam a22001217a 4500
008 181009b xxu||||| |||| 00| 0 eng d
041 _aeng
080 _a159.9
100 _a50
101 _aSOC
245 _aWomen In Medical Renaissance Europe
_cGross.s
942 _2udc
_cBK
999 _c49206
_d49206